John, the maverick Gospel (Record no. 22512)

MARC details
000 -LEADER
fixed length control field 00399cam a2200157 a 4500
020 ## - INTERNATIONAL STANDARD BOOK NUMBER
ISBN 0664254012 (alk. paper)
082 00 - DEWEY DECIMAL CLASSIFICATION NUMBER
Classification number 226.506
Author Cutter KYS
100 1# - MAIN ENTRY--AUTHOR NAME
Author name Kysar, Robert.
245 10 - TITLE STATEMENT
Title John, the maverick Gospel
250 ## - EDITION STATEMENT
Edition statement Rev. ed.
260 ## - PUBLICATION, DISTRIBUTION, ETC. (IMPRINT)
Place of publication Louisville, Ky. :
Name of publisher Westminster/John Knox Press,
Year of publication c1993.
300 ## - PHYSICAL DESCRIPTION
Number of Pages x, 157 p. :
Other physical details ill. ;
650 ## - SUBJECT ADDED ENTRY--TOPICAL TERM
Topical Term Bible - John
942 ## - ADDED ENTRY ELEMENTS (KOHA)
Koha item type Books
Holdings
Home library Current library Shelving location Date acquired Full call number Accession Number Koha item type
Henry Martyn Institute Library Henry Martyn Institute Library General stacks 11/16/2018 226.506 KYS 11003857 Books
                   Copyright © 2026 | Henry Martyn Institute | Hyderabad | TS-500052 | INDIA | Implemented by hmi.edu.in
Hit-Count:

Powered by Koha